| 000 | 00781nam a2200253 i 4500 | ||
|---|---|---|---|
| 001 | bg | ||
| 245 | 0 | 0 |
_aLaboratoryjne badania wody ścieków i osadów ściekowych. _nCz.2 / _c[aut. Lidia Gajkowska-Stefańska et al.]. |
| 250 | _aWyd. 4. | ||
| 260 |
_aWarszawa : _bOficyna Wydawnicza Politechniki Warszawskiej, _c2001. |
||
| 300 |
_a261 s. : _bil. ; _c24 cm. |
||
| 504 | _aBibliogr. | ||
| 650 | 9 |
_aChemia analityczna _xmetody |
|
| 650 | 9 |
_aŚcieki _xchemia |
|
| 650 | 9 |
_aWoda _xchemia |
|
| 655 | _aPodręczniki akademickie | ||
| 700 | 1 | _aGAJKOWSKA-STEFAŃSKA, Lidia | |
| 020 | _a8385912401 (2 cz.) | ||
| 040 | _cBPK | ||
| 041 | 0 | _apl | |
| 080 | _a628.1+628.3:543](075.8) | ||
| 920 | _a83-85912-40-1 (2 cz.) | ||
| 942 | _cKS | ||
| 008 | s pl f |000 0 pol | ||
| 999 |
_c40123 _d40123 |
||
| 856 |
_uhttp://koha.tu.koszalin.pl/cgi-bin/koha/opac-detail.pl?biblionumber=40123 _yKatalog online BPK |
||